• 首页
  • 本馆介绍
  • 公告通知
  • 最新文献
  • 馆藏检索
  • 电子资源
  • 读者导购
  • 参考咨询
  • 我的图书馆
  • 登录
  • 详细信息显示
  • 放入我的书架
  • 预约/预借图书
  • 作者相关作品
  • 分类相关作品
  • 丛书相关作品
  • 出版社相关作品

书目信息

  • 表格格式
  • 工作单格式
  • 卡片格式
题名:
卡尔·马克思
    
 
作者: 费多谢耶夫 著
分册:  
出版信息: 北京   三联书店  1980
页数: 806页
开本: 21cm
丛书名:
单 册:
中图分类: A71
科图分类:
主题词: 马克思,K.--生平事迹 , 马克思,K.--传记
电子资源:
ISBN:
000 00665nam0 2200241 45
001 0180005671
005 20060813153654.75
010    @dCNY2.55
091    @a11002.529
100    @a19950727d1980 em y0chiy0121 ea
101 1  @achi@crus
102    @aCN@b110000
105    @ay z 000zb
200 10 @a卡尔·马克思@Aka er ma ke si@f(苏)彼·费多谢耶夫等著@F(Su)Bi·Fei Duo Xie Ye Fu Deng Zhu
210    @a北京@c三联书店@d1980
215    @a806页@d21cm
606 0  @a马克思,K.@x生平事迹
606 0  @a马克思,K.@x传记
690    @aA71@v3
701  0 @a费多谢耶夫@4著
801  2 @aCN@bNLC@c20060813
801  0 @aCN@b上海图书馆@c20040421
905    @dA71@e10@f1@b47765
    
    卡尔·马克思/(苏)彼·费多谢耶夫等著.-北京:三联书店,1980
    806页;21cm
    
    
    ISBN :CNY2.55
    
●
相关链接 在E读中查询图书 在五车中查询图书 在当当中查询图书 在豆瓣中查询图书


正题名:卡尔·马克思     索取号:A71/10         预约/预借

序号 登录号 条形码 馆藏地/架位号 状态 备注
1 0047764   000953917   第一借阅区/ [索取号:A71/10] 在馆    
2 0047765   002047083   第一样本阅览室/ [索取号:A71/10] 在馆    
3 0047766   000953873   第一借阅区/ [索取号:A71/10] 在馆    
4 0459402   204594028   密集书库/ [索取号:A71/10] 在馆    
5 0459403   204594037   密集书库/ [索取号:A71/10] 在馆    
6 0459404   204594046   密集书库/ [索取号:A71/10] 在馆    
唐山师范学院图书馆 欢迎您!
大连网信软件有限公司© 版权所有